000 00431nam a2200133Ia 4500
008 100328s9999 xx 000 0 und d
082 _b73395
100 _aसहस्त्रबुद्धे जयंती विश्र्वनाथ.
245 _aशंका निरसन.
260 _bमनोरमा.
630 _aशंका निरसन.
730 _aशंका निरसन.
942 _cBOOK
999 _c559116
_d559113